[Event "Meenutades Paul Kerest"]
[Site "Tallinn 1999"]
[Date "1999.01.09"]
[Round "1"]
[White "Gavrikov, Viktor"]
[Black "Lugovoi, Aleksei"]
[Result "1/2-1/2"]
[WhiteElo "2540"]
[BlackElo "2525"]
[PlyCount "130"]
[EventDate "1999.01.09"] 
1. c4 Nf6 2. Nf3 g6 3. g3 Bg7 4. Bg2 O-O 5. O-O c6 6. d4 d6 7. Nc3 Nbd7 8. d5
Qb6 9. Rb1 Qa6 10. Nd4 c5 11. Ndb5 Qa5 12. Bd2 a6 13. Na3 Qc7 14. Nc2 e6 15.
Bf4 Ne8 16. e4 Ne5 17. Qe2 b5 18. cxb5 axb5 19. Nxb5 Qb6 20. b4 Rxa2 21. Nc3
Nf3+ 22. Bxf3 Bxc3 23. Qc4 Rxc2 24. Qb3 Rb2 25. Qxc3 Rxb4 26. Rxb4 cxb4 27. Qb2
e5 28. Bh6 Ng7 29. Rb1 Bh3 30. Qxb4 Qxb4 31. Rxb4 Ra8 32. Rb1 Ne8 33. Bd1 Bd7
34. Be3 Kf8 35. f3 h5 36. Kf2 Bc8 37. Rb2 Ra1 38. Bc2 Ra8 39. Bd3 Ba6 40. Bh6+
Ke7 41. Ra2 Nc7 42. Bc2 Bc4 43. Rxa8 Nxa8 44. f4 exf4 45. gxf4 f6 46. Ke3 Nc7
47. Kd4 Bf1 48. h4 Nb5+ 49. Ke3 Nc7 50. e5 dxe5 51. fxe5 Nxd5+ 52. Kd4 Nb4 53.
Bxg6 Nc6+ 54. Ke3 Nxe5 55. Bxh5 Bd3 56. Bf4 Bf5 57. Be2 Ng6 58. Bg3 Nxh4 59.
Bxh4 Kf7 60. Kf4 Be6 61. Bh5+ Ke7 62. Bg6 Bd5 63. Kg4 Kd6 64. Bxf6 Kc6 65. Kf4
Kb7 1/2-1/2

[Event "Meenutades Paul Kerest"]
[Site "Tallinn 1999"]
[Date "1999.01.09"]
[Round "1"]
[White "Svirjov, Igor"]
[Black "Veingold, Aleksandr"]
[Result "0-1"]
[WhiteElo "2340"]
[BlackElo "2485"]
[PlyCount "70"]
[EventDate "1999.01.09"] 
1. d4 Nf6 2. Nf3 e6 3. e3 b6 4. Bd3 Bb7 5. O-O c5 6. Nbd2 Nc6 7. c3 Be7 8. Ne5
Qc7 9. f4 d6 10. Nxc6 Qxc6 11. Qe2 O-O 12. Rf3 Rad8 13. Rh3 e5 14. d5 Qxd5 15.
Bxh7+ Nxh7 16. e4 Qe6 17. f5 Qf6 18. Nf3 d5 19. Nxe5 Ng5 20. Bxg5 Qxg5 21. Nf3
Qg4 22. exd5 Bf6 23. c4 Rfe8 24. Qc2 Bc8 25. Rg3 Qxf5 26. Qa4 Qd7 27. Qc2 b5
28. Rd1 Qf5 29. Qc1 bxc4 30. Qxc4 Bb7 31. Qxc5 Rxd5 32. Rxd5 Qxd5 33. Qc2 Qxa2
34. h3 Qxb2 35. Qa4 Rd8 0-1

[Event "Meenutades Paul Kerest"]
[Site "Tallinn 1999"]
[Date "1999.01.09"]
[Round "1"]
[White "Vooremaa, Andres"]
[Black "Ehlvest, Jaan"]
[Result "0-1"]
[WhiteElo "2335"]
[BlackElo "2620"]
[PlyCount "98"]
[EventDate "1999.01.09"] 
1. d4 e6 2. e4 c5 3. c3 d5 4. exd5 Qxd5 5. Nf3 Nf6 6. Be2 cxd4 7. cxd4 Nc6 8.
O-O Be7 9. Nc3 Qd6 10. Bg5 O-O 11. Qd2 Rd8 12. Rad1 Nd5 13. Bxe7 Ncxe7 14. Ne5
Bd7 15. Ne4 Qb6 16. Rfe1 Be8 17. Nc4 Qc7 18. Rc1 Qf4 19. Bf1 Qxd2 20. Ncxd2 Bc6
21. Nf3 Nf6 22. Ned2 Kf8 23. b4 a6 24. a3 Nf5 25. Rc4 Bd5 26. Rc7 Rac8 27. Rec1
Rxc7 28. Rxc7 Ne8 29. Rc5 Bxf3 30. Nxf3 Nxd4 31. Nxd4 Rxd4 32. b5 axb5 33. Rxb5
Nd6 34. Ra5 Rd2 35. g3 b6 36. Ra4 Rb2 37. Bd3 h6 38. Kg2 Ke7 39. h4 g5 40. hxg5
hxg5 41. g4 Kf6 42. Ra7 Rd2 43. Bh7 Nc4 44. Kg3 Ra2 45. a4 b5 46. Bg8 Ne5 47.
a5 Ra3+ 48. Kg2 Kg7 49. Ra8 b4 0-1

[Event "Meenutades Paul Kerest"]
[Site "Tallinn 1999"]
[Date "1999.01.09"]
[Round "1"]
[White "Seeman, Tarvo"]
[Black "Malaniuk, Vladimir"]
[Result "1/2-1/2"]
[WhiteElo "2475"]
[BlackElo "2590"]
[PlyCount "93"]
[EventDate "1999.01.09"] 
1. Nf3 f5 2. e4 fxe4 3. Ng5 e5 4. d3 e3 5. Bxe3 Nc6 6. c4 Nf6 7. Nc3 Bb4 8.
Nge4 Nxe4 9. dxe4 O-O 10. Be2 d6 11. O-O Be6 12. Nd5 Bc5 13. Bg4 Bxg4 14. Qxg4
a5 15. Rad1 Qc8 16. Qh4 Rf7 17. Bxc5 dxc5 18. f4 exf4 19. Rxf4 Qe6 20. Rxf7
Qxf7 21. Rf1 Qd7 22. Qg3 Qd6 23. Nxc7 Qxg3 24. hxg3 Rc8 25. Ne6 Nd4 26. Nxd4
cxd4 27. b3 Re8 28. Re1 Kf7 29. e5 Ke6 30. g4 Rf8 31. Re4 Rd8 32. Kf2 a4 33.
Ke2 axb3 34. axb3 b5 35. Kd3 bxc4+ 36. bxc4 Ra8 37. Rxd4 Kxe5 38. Re4+ Kd6 39.
Rd4+ Kc6 40. Rf4 Ra2 41. Rf7 g6 42. Rxh7 Rxg2 43. Rh8 Rg3+ 44. Ke4 Rxg4+ 45.
Ke5 Rxc4 46. Rg8 Rg4 47. Kf6 1/2-1/2

[Event "Meenutades Paul Kerest"]
[Site "Tallinn 1999"]
[Date "1999.01.09"]
[Round "2"]
[White "Lugovoi, Aleksei"]
[Black "Malaniuk, Vladimir"]
[Result "0-1"]
[WhiteElo "2525"]
[BlackElo "2590"]
[PlyCount "110"]
[EventDate "1999.01.09"] 
1. d4 f5 2. Nf3 Nf6 3. g3 g6 4. Bg2 Bg7 5. O-O O-O 6. c4 d6 7. Nc3 Qe8 8. d5
Na6 9. Rb1 c6 10. Be3 Bd7 11. Bd4 Nc7 12. b4 e5 13. dxe6 Nxe6 14. Be3 Ng4 15.
Bd2 Ne5 16. Nxe5 dxe5 17. Na4 Qf7 18. c5 Nc7 19. Nc3 e4 20. Qc2 Be6 21. a4 Rad8
22. Rfd1 Rd4 23. Be1 Rc4 24. e3 Nd5 25. Rxd5 cxd5 26. Bf1 d4 27. exd4 Rxd4 28.
Nb5 Rd7 29. Nd6 Qe7 30. a5 a6 31. Rc1 Rfd8 32. Bd2 Be5 33. Be3 Rxd6 34. cxd6
Qxd6 35. Bc5 Qd2 36. Bc4 Bxc4 37. Qxc4+ Qd5 38. Qxd5+ Rxd5 39. h4 Kf7 40. Kf1
Ke6 41. Ke2 Rd3 42. Rb1 f4 43. gxf4 Bxf4 44. Rb2 Be5 45. Rc2 Rb3 46. Rd2 Rb2
47. Rxb2 Bxb2 48. Ke3 Kf5 49. Be7 Bc3 50. f3 exf3 51. Kxf3 Ke6 52. Bf8 Kd5 53.
Kg4 Bd2 54. Be7 Kc4 55. Bf8 h5+ 0-1

[Event "Meenutades Paul Kerest"]
[Site "Tallinn 1999"]
[Date "1999.01.09"]
[Round "2"]
[White "Veingold, Aleksandr"]
[Black "Vooremaa, Andres"]
[Result "1/2-1/2"]
[WhiteElo "2485"]
[BlackElo "2335"]
[PlyCount "110"]
[EventDate "1999.01.09"] 
1. d4 Nf6 2. Nf3 d5 3. c4 e6 4. g3 c5 5. cxd5 exd5 6. Bg2 Nc6 7. O-O Be7 8. Nc3
O-O 9. Bg5 cxd4 10. Nxd4 h6 11. Be3 Be6 12. Rc1 Rc8 13. Nxe6 fxe6 14. Nb5 Qd7
15. Bh3 a6 16. Nd4 Nxd4 17. Qxd4 Rxc1 18. Rxc1 Rc8 19. Rxc8+ Qxc8 20. Qe5 Kf7
21. Bd4 Qc6 22. Kg2 Qd7 23. a3 Bd6 24. Qe3 Qe7 25. Be5 Bxe5 26. Qxe5 Nd7 27.
Qf4+ Nf6 28. Qe5 Nd7 29. Qh5+ Kg8 30. Qg4 Kf7 31. Qh5+ Kg8 32. Qg6 Nf8 33. Qd3
Qf6 34. b4 Ng6 35. Qe3 Nf8 36. Qb6 Qe7 37. e4 dxe4 38. Qd4 a5 39. Qxe4 axb4 40.
axb4 b6 41. Bg4 Qd6 42. Bf3 Nd7 43. Qa8+ Nf8 44. b5 Qd4 45. h4 g5 46. hxg5 hxg5
47. Qb7 g4 48. Bc6 Qd8 49. Qa7 Nh7 50. Qa4 Nf6 51. Qf4 Kf7 52. Qg5 Qd4 53. Qc1
Nd5 54. Qh6 Nf6 55. Qc1 Nd5 1/2-1/2

[Event "Meenutades Paul Kerest"]
[Site "Tallinn 1999"]
[Date "1999.01.09"]
[Round "2"]
[White "Gavrikov, Viktor"]
[Black "Svirjov, Igor"]
[Result "1/2-1/2"]
[WhiteElo "2540"]
[BlackElo "2340"]
[PlyCount "74"]
[EventDate "1999.01.09"] 
1. d4 g6 2. g3 Bg7 3. Bg2 Nf6 4. c4 d6 5. Nc3 O-O 6. Nf3 c6 7. O-O Qa5 8. e4
Bg4 9. h3 Bxf3 10. Bxf3 e5 11. d5 cxd5 12. cxd5 Nbd7 13. Bd2 Rfc8 14. a4 Qd8
15. a5 a6 16. Na4 Qf8 17. g4 Ne8 18. Qb3 Rab8 19. Rac1 Nc7 20. Be2 Bf6 21. Rc3
Na8 22. Rxc8 Qxc8 23. Rc1 Qd8 24. Qe3 Nc7 25. b4 b5 26. axb6 Nb5 27. Rc6 Nd4
28. b7 Rxb7 29. Rxa6 h6 30. Rxd6 Bg5 31. Qd3 Bxd2 32. Qxd2 Qe7 33. Ra6 Qxb4 34.
Qxb4 Nxe2+ 35. Kf1 Rxb4 36. Kxe2 Rxe4+ 37. Kf1 Rd4 1/2-1/2

[Event "Meenutades Paul Kerest"]
[Site "Tallinn 1999"]
[Date "1999.01.09"]
[Round "3"]
[White "Svirjov, Igor"]
[Black "Lugovoi, Aleksei"]
[Result "0-1"]
[WhiteElo "2340"]
[BlackElo "2525"]
[PlyCount "70"]
[EventDate "1999.01.09"] 
1. d4 d6 2. c4 Nf6 3. Nc3 g6 4. Nf3 Bg7 5. Bg5 O-O 6. e3 Nbd7 7. Be2 c6 8. O-O
a6 9. Qc2 b5 10. a3 bxc4 11. Bxc4 c5 12. dxc5 Nxc5 13. Nd4 Bb7 14. Rac1 Ncd7
15. b4 Rc8 16. Qe2 Qb6 17. Nb3 Qc6 18. Nd5 Nxd5 19. Na5 Nc3 20. Nxc6 Nxe2+ 21.
Bxe2 Rxc6 22. Rxc6 Bxc6 23. Bxe7 Re8 24. Bxd6 Bb5 25. Re1 Bxe2 26. Rxe2 Rc8 27.
f3 Rc6 28. Rd2 Bc3 29. Rd3 Ne5 30. Rd5 Nc4 31. Bc5 Nxa3 32. e4 Nc2 33. e5 Bxb4
34. Bd6 a5 35. Kf2 a4 0-1

[Event "Meenutades Paul Kerest"]
[Site "Tallinn 1999"]
[Date "1999.01.09"]
[Round "3"]
[White "Vooremaa, Andres"]
[Black "Gavrikov, Viktor"]
[Result "0-1"]
[WhiteElo "2335"]
[BlackElo "2540"]
[PlyCount "90"]
[EventDate "1999.01.09"] 
1. Nf3 g6 2. g3 Bg7 3. Bg2 Nf6 4. O-O O-O 5. c4 d5 6. cxd5 Nxd5 7. Nc3 Nc6 8.
Qc2 Ndb4 9. Qb1 e5 10. d3 Nd4 11. Nxd4 exd4 12. Ne4 h6 13. Bd2 Nd5 14. Qc2 Bg4
15. Rfe1 c6 16. h3 Bf5 17. b4 Re8 18. Rab1 Rc8 19. a4 Rc7 20. Qb3 b6 21. Bc1
Be6 22. Qc2 Bf8 23. Ba3 a5 24. bxa5 Bxa3 25. axb6 Rc8 26. b7 Rb8 27. Nc5 Nc3
28. Na6 Nxb1 29. Nxb8 Qxb8 30. Rxb1 c5 31. Qd2 Kg7 32. Qf4 Bb4 33. Rxb4 Qxf4
34. gxf4 cxb4 35. a5 b3 36. a6 b2 37. a7 b1=Q+ 38. Kh2 Qb2 39. a8=Q Rxa8 40.
bxa8=Q Qxe2 41. Qe4 Qxf2 42. Qe5+ Kh7 43. Qe4 h5 44. Qf3 Qxf3 45. Bxf3 h4 0-1

[Event "Meenutades Paul Kerest"]
[Site "Tallinn 1999"]
[Date "1999.01.09"]
[Round "3"]
[White "Seeman, Tarvo"]
[Black "Veingold, Aleksandr"]
[Result "1-0"]
[WhiteElo "2475"]
[BlackElo "2485"]
[PlyCount "81"]
[EventDate "1999.01.09"] 
1. e4 c5 2. Nf3 d6 3. d4 cxd4 4. Nxd4 Nf6 5. Nc3 Nc6 6. f3 e5 7. Nb3 Be7 8. Be3
Be6 9. Nd5 Bxd5 10. exd5 Nb4 11. c4 a5 12. Nc1 Nd7 13. a3 Na6 14. Bd3 Bg5 15.
Bf2 O-O 16. O-O Qf6 17. Rb1 Qh6 18. Qe2 Nac5 19. Bc2 a4 20. Na2 f5 21. Nc3 Bd2
22. Nb5 Ba5 23. Rbd1 Rf6 24. Kh1 Qh5 25. g3 Raf8 26. Be3 h6 27. Rf2 Qe8 28. Rg1
Qe7 29. Rfg2 g5 30. h4 R6f7 31. Rh2 Rg7 32. hxg5 hxg5 33. g4 f4 34. Bf2 e4 35.
Bd4 Rh7 36. Rgg2 Rff7 37. Rxh7 Rxh7+ 38. Rh2 Rxh2+ 39. Qxh2 exf3 40. Qh8+ Kf7
41. Bg6+ 1-0

[Event "Meenutades Paul Kerest"]
[Site "Tallinn 1999"]
[Date "1999.01.10"]
[Round "4"]
[White "Veingold, Aleksandr"]
[Black "Malaniuk, Vladimir"]
[Result "1/2-1/2"]
[WhiteElo "2485"]
[BlackElo "2590"]
[PlyCount "32"]
[EventDate "1999.01.09"] 
1. d4 f5 2. c4 Nf6 3. g3 g6 4. Bg2 Bg7 5. Nc3 d6 6. d5 O-O 7. Nh3 Na6 8. O-O
Nc5 9. Qc2 e5 10. dxe6 c6 11. Rd1 Nxe6 12. Nf4 Qe7 13. b3 Nc5 14. Bb2 g5 15.
Nd3 Nce4 16. e3 Be6 1/2-1/2

[Event "Meenutades Paul Kerest"]
[Site "Tallinn 1999"]
[Date "1999.01.10"]
[Round "4"]
[White "Gavrikov, Viktor"]
[Black "Seeman, Tarvo"]
[Result "1-0"]
[WhiteElo "2540"]
[BlackElo "2475"]
[PlyCount "63"]
[EventDate "1999.01.09"] 
1. Nf3 Nf6 2. c4 c6 3. Nc3 d5 4. e3 g6 5. d4 Bg7 6. b4 O-O 7. Bb2 Bg4 8. h3
Bxf3 9. Qxf3 e6 10. Qd1 Nbd7 11. Qb3 e5 12. dxe5 dxc4 13. Bxc4 Nxe5 14. Rd1 Qe7
15. Be2 Rad8 16. O-O Rxd1 17. Rxd1 Rd8 18. Rxd8+ Qxd8 19. b5 c5 20. f4 Nd3 21.
Ba3 Bf8 22. Qc4 Nb4 23. Bc1 Nfd5 24. Nxd5 Qxd5 25. a3 Qxc4 26. Bxc4 Nc2 27. Kf2
Bg7 28. Ke2 Kf8 29. Kd1 Na1 30. a4 b6 31. Ba3 f5 32. Kc1 1-0

[Event "Meenutades Paul Kerest"]
[Site "Tallinn 1999"]
[Date "1999.01.10"]
[Round "5"]
[White "Vooremaa, Andres"]
[Black "Lugovoi, Aleksei"]
[Result "1/2-1/2"]
[WhiteElo "2335"]
[BlackElo "2525"]
[PlyCount "58"]
[EventDate "1999.01.09"] 
1. d4 d6 2. c4 Nf6 3. Nc3 g6 4. e4 Bg7 5. f3 O-O 6. Be3 a6 7. Qd2 Nc6 8. Nge2
Rb8 9. Rb1 b5 10. cxb5 axb5 11. b4 Bd7 12. Nc1 e5 13. d5 Nd4 14. Nb3 Nxb3 15.
Rxb3 c6 16. dxc6 Bxc6 17. Be2 Qc7 18. O-O Qb7 19. Ra3 Ra8 20. Rxa8 Rxa8 21.
Qxd6 Ne8 22. Qd2 Bf8 23. Rb1 Ra3 24. Qb2 Ra8 25. Rd1 Nc7 26. Kh1 h5 27. h3 Be7
28. Bf1 Bf8 29. Be2 Be7 1/2-1/2

[Event "Meenutades Paul Kerest"]
[Site "Tallinn 1999"]
[Date "1999.01.10"]
[Round "5"]
[White "Seeman, Tarvo"]
[Black "Svirjov, Igor"]
[Result "0-1"]
[WhiteElo "2475"]
[BlackElo "2340"]
[PlyCount "83"]
[EventDate "1999.01.09"] 
1. e4 g6 2. d4 Bg7 3. Nf3 d6 4. Nc3 Nf6 5. Be3 O-O 6. Qd2 Ng4 7. Bg5 h6 8. Bh4
c6 9. Bd3 b5 10. h3 Nf6 11. e5 b4 12. Ne4 Nxe4 13. Bxe4 d5 14. Bd3 a5 15. a3
bxa3 16. Rxa3 Be6 17. O-O Nd7 18. Rfa1 g5 19. Bg3 Qb6 20. c3 Qb7 21. Rxa5 c5
22. b4 cxb4 23. cxb4 Nb6 24. Rxa8 Rxa8 25. Rxa8+ Qxa8 26. Qc3 Nc4 27. Nd2 Nxd2
28. Qxd2 Qa1+ 29. Bf1 Bd7 30. f3 Bb5 31. Qe1 Qa6 32. Bf2 e6 33. h4 Bf8 34. hxg5
hxg5 35. Bxb5 Qxb5 36. Be3 Be7 37. Qc1 Qxb4 38. Bxg5 Qxd4+ 39. Qe3 Bc5 40. Qxd4
Bxd4+ 41. Kf1 Bxe5 42. Kf2 0-1

[Event "Meenutades Paul Kerest"]
[Site "Tallinn 1999"]
[Date "1999.01.10"]
[Round "5"]
[White "Malaniuk, Vladimir"]
[Black "Gavrikov, Viktor"]
[Result "1/2-1/2"]
[WhiteElo "2590"]
[BlackElo "2540"]
[PlyCount "27"]
[EventDate "1999.01.09"] 
1. d4 Nf6 2. Nf3 g6 3. Bf4 Bg7 4. e3 d6 5. h3 O-O 6. Be2 c5 7. c3 b6 8. O-O Ba6
9. Nbd2 cxd4 10. exd4 Bxe2 11. Qxe2 Nc6 12. Rfe1 Re8 13. Bg5 d5 14. Ne5 1/2-1/2

[Event "Meenutades Paul Kerest"]
[Site "Tallinn 1999"]
[Date "1999.01.10"]
[Round "6"]
[White "Lugovoi, Aleksei"]
[Black "Veingold, Aleksandr"]
[Result "1-0"]
[WhiteElo "2525"]
[BlackElo "2485"]
[PlyCount "121"]
[EventDate "1999.01.09"] 
1. d4 Nf6 2. c4 e6 3. Nc3 Bb4 4. Bg5 h6 5. Bh4 c5 6. d5 Bxc3+ 7. bxc3 d6 8. e3
e5 9. Bd3 e4 10. Bc2 Bf5 11. Ne2 Nbd7 12. Qb1 Qb6 13. Ng3 Bh7 14. Bxf6 Nxf6 15.
O-O Qxb1 16. Raxb1 O-O-O 17. Rb2 Rhe8 18. Rfb1 Re7 19. a4 g5 20. a5 h5 21. Ba4
Rc7 22. h3 h4 23. Nf1 Bf5 24. Nd2 g4 25. hxg4 Bxg4 26. Bc2 Re8 27. Kh2 Bf5 28.
Ba4 Rg8 29. Bd1 Kb8 30. Be2 Ng4+ 31. Bxg4 Rxg4 32. Rg1 f6 33. Rbb1 Rcg7 34.
Rbe1 Kc7 35. Ref1 Bd7 36. Ra1 f5 37. Rae1 a6 38. Rb1 Ba4 39. Rbc1 b5 40. axb6+
Kxb6 41. Rb1+ Ka7 42. Ra1 Be8 43. Ra2 Rb7 44. Kh3 Bd7 45. Kh2 Bc8 46. Rga1 Rbg7
47. Rg1 f4 48. Nxe4 f3 49. Nxd6 Rxg2+ 50. Rxg2 Rxg2+ 51. Kh1 Bd7 52. e4 Kb6 53.
e5 a5 54. e6 Rg6 55. Ne4 Be8 56. Rb2+ Kc7 57. d6+ Kc6 58. d7 Bxd7 59. exd7 Kxd7
60. Ra2 Re6 61. Nxc5+ 1-0

[Event "Meenutades Paul Kerest"]
[Site "Tallinn 1999"]
[Date "1999.01.10"]
[Round "6"]
[White "Gavrikov, Viktor"]
[Black "Ehlvest, Jaan"]
[Result "1-0"]
[WhiteElo "2540"]
[BlackElo "2620"]
[PlyCount "75"]
[EventDate "1999.01.09"] 
1. d4 g6 2. e4 d6 3. Nf3 Nf6 4. Nc3 Bg7 5. Be2 O-O 6. O-O Nc6 7. d5 Nb8 8. a4
e5 9. a5 a6 10. Nd2 Nbd7 11. Nc4 Re8 12. Bg5 h6 13. Be3 Nf8 14. b4 N8h7 15. Qd2
h5 16. h3 Qe7 17. Rab1 Bd7 18. Bd3 h4 19. b5 axb5 20. Nxb5 Rec8 21. Nc3 Rcb8
22. Rb3 Nh5 23. Rfb1 Bc8 24. Nb5 f5 25. exf5 gxf5 26. Ba7 Nf4 27. Bxb8 Rxb8 28.
Bf1 Ra8 29. Ne3 Ng5 30. Qc3 c6 31. dxc6 bxc6 32. Qxc6 Bb7 33. Qc7 Nfxh3+ 34.
gxh3 Nf3+ 35. Kh1 Qg5 36. Bg2 Be4 37. Nxd6 Qf4 38. Nf1 1-0

[Event "Meenutades Paul Kerest"]
[Site "Tallinn 1999"]
[Date "1999.01.10"]
[Round "6"]
[White "Svirjov, Igor"]
[Black "Malaniuk, Vladimir"]
[Result "1-0"]
[WhiteElo "2340"]
[BlackElo "2590"]
[PlyCount "114"]
[EventDate "1999.01.09"] 
1. d4 f5 2. c4 Nf6 3. Nc3 g6 4. Nf3 Bg7 5. g3 O-O 6. Bg2 d6 7. O-O Qe8 8. b3 c6
9. Qc2 e5 10. dxe5 dxe5 11. Ba3 Rf7 12. Bd6 Nfd7 13. Rad1 e4 14. Ng5 Rf6 15. c5
h6 16. Nh3 Na6 17. b4 g5 18. Kh1 Rf7 19. a3 Ne5 20. f3 Nc4 21. Qc1 e3 22. Rd3
Be6 23. Rxe3 Nxe3 24. Qxe3 Nc7 25. f4 g4 26. Nf2 Bd5 27. Nxd5 Nxd5 28. Qxe8+
Rxe8 29. e4 Ne3 30. Re1 Nxg2 31. Kxg2 fxe4 32. Nxg4 Re6 33. Ne5 Bxe5 34. Bxe5
Rd7 35. Rxe4 Rd5 36. g4 Kf7 37. a4 a5 38. Rc4 axb4 39. Rxb4 Re7 40. Bd6 Re3 41.
Rxb7+ Ke8 42. Rb8+ Kd7 43. Rb7+ Ke8 44. Rb8+ Kf7 45. Rb7+ Kg6 46. f5+ Kf6 47.
Rb2 Rd4 48. h3 Rxa4 49. Bg3 Kg5 50. Rf2 Rc3 51. f6 Raa3 52. Bd6 Ra8 53. f7 h5
54. gxh5 Kxh5 55. f8=Q Rxf8 56. Rxf8 Ra3 57. Rc8 Ra7 1-0

[Event "Meenutades Paul Kerest"]
[Site "Tallinn 1999"]
[Date "1999.01.10"]
[Round "6"]
[White "Vooremaa, Andres"]
[Black "Seeman, Tarvo"]
[Result "1/2-1/2"]
[WhiteElo "2335"]
[BlackElo "2475"]
[PlyCount "74"]
[EventDate "1999.01.09"] 
1. d4 Nf6 2. c4 g6 3. Nc3 d6 4. e4 Bg7 5. f3 c6 6. Be3 a6 7. e5 Nfd7 8. f4 c5
9. exd6 exd6 10. Qd2 O-O 11. O-O-O Nc6 12. Nf3 Qa5 13. Kb1 b5 14. Nd5 b4 15. g4
Bb7 16. Bg2 Rfe8 17. Rhe1 Rab8 18. Bf2 Rxe1 19. Qxe1 Qa4 20. b3 Qa3 21. Rd2 a5
22. Qc1 a4 23. bxa4 Nxd4 24. Nxd4 cxd4 25. Qxa3 bxa3 26. Kc1 Bxd5 27. Bxd5 Nb6
28. Bxd4 Bxd4 29. Rxd4 Nxa4 30. Rd3 Rb4 31. Rxa3 Nb6 32. Ra6 Nxc4 33. Ra7 Ne3
34. Bxf7+ Kf8 35. Be6 Rxf4 36. Rxh7 Nxg4 37. Bxg4 Rxg4 1/2-1/2

[Event "Meenutades Paul Kerest"]
[Site "Tallinn 1999"]
[Date "1999.01.10"]
[Round "7"]
[White "Seeman, Tarvo"]
[Black "Lugovoi, Aleksei"]
[Result "1/2-1/2"]
[WhiteElo "2475"]
[BlackElo "2525"]
[PlyCount "103"]
[EventDate "1999.01.09"] 
1. e4 c5 2. Nf3 d6 3. d4 cxd4 4. Nxd4 Nf6 5. Nc3 Nc6 6. f3 e5 7. Nb3 Be6 8. Nd5
Bxd5 9. exd5 Nb8 10. Bd3 Nbd7 11. c4 a5 12. O-O a4 13. Nd2 Be7 14. Nb1 O-O 15.
Nc3 Qa5 16. a3 Rfc8 17. Kh1 Nc5 18. Bc2 Qb6 19. Rb1 Qa6 20. Nb5 Nfd7 21. f4 e4
22. Qe2 Bf6 23. Be3 Rab8 24. g4 g6 25. g5 Bg7 26. f5 gxf5 27. Rxf5 Nd3 28. Qh5
N7e5 29. Rbf1 Rf8 30. Rf6 Nxc4 31. Bd4 Nce5 32. Nxd6 Qa5 33. Bxe5 Qxd5 34. Nxf7
Nxe5 35. Nxe5 Qxe5 36. Qg4 Rbe8 37. Bxa4 Rd8 38. Bc2 Kh8 39. Rxf8+ Rxf8 40.
Rxf8+ Bxf8 41. Qxe4 Qxe4+ 42. Bxe4 b6 43. b4 Kg7 44. Kg2 Be7 45. h4 h6 46.
gxh6+ Kxh6 47. Kf3 Bxh4 48. Bc6 Be7 49. Ke4 Bf6 50. Kd5 Bb2 51. a4 Ba3 52. a5
1/2-1/2

[Event "Meenutades Paul Kerest"]
[Site "Tallinn 1999"]
[Date "1999.01.10"]
[Round "7"]
[White "Malaniuk, Vladimir"]
[Black "Vooremaa, Andres"]
[Result "1-0"]
[WhiteElo "2590"]
[BlackElo "2335"]
[PlyCount "89"]
[EventDate "1999.01.09"] 
1. d4 Nf6 2. c4 e6 3. Nf3 d5 4. Nc3 Nbd7 5. Bf4 c6 6. e3 Be7 7. h3 O-O 8. Bd3
b6 9. O-O Bb7 10. cxd5 Nxd5 11. Bg3 c5 12. e4 Nb4 13. d5 exd5 14. exd5 Bf6 15.
Bc4 a6 16. a3 b5 17. Bb3 c4 18. axb4 cxb3 19. Qxb3 Nb6 20. d6 Bxf3 21. gxf3 Nc4
22. Ne4 Bh4 23. Rad1 f5 24. Nc5 Bxg3 25. fxg3 f4 26. d7 Kh8 27. Rd4 Qg5 28. g4
Qh4 29. Qc2 Ne3 30. Qf2 Qf6 31. Rfd1 Nxd1 32. Rxd1 Rab8 33. Kg2 h6 34. Rd5 Rfd8
35. h4 Qe7 36. g5 Rb6 37. Qd2 Qf7 38. Re5 Qg6 39. Qxf4 Qc2+ 40. Kg3 Qb1 41.
Re8+ Kh7 42. Qe4+ Qxe4 43. fxe4 Rbb8 44. Rxd8 Rxd8 45. e5 1-0

[Event "Meenutades Paul Kerest"]
[Site "Tallinn 1999"]
[Date "1999.01.10"]
[Round "7"]
[White "Ehlvest, Jaan"]
[Black "Svirjov, Igor"]
[Result "1-0"]
[WhiteElo "2620"]
[BlackElo "2340"]
[PlyCount "69"]
[EventDate "1999.01.09"] 
1. d4 g6 2. e4 Bg7 3. Nf3 d6 4. c4 Nf6 5. Nc3 O-O 6. Be2 c6 7. O-O a6 8. Bg5 b5
9. e5 Ne8 10. h3 Nd7 11. exd6 Nxd6 12. c5 h6 13. Bf4 Nc4 14. Bxc4 bxc4 15. Re1
Nf6 16. Ne5 Qe8 17. Nxc4 Be6 18. Nb6 Rd8 19. Bc7 g5 20. Qd3 Nh5 21. Bxd8 Qxd8
22. Rad1 Nf4 23. Qf3 Qc7 24. b4 f5 25. d5 Bf7 26. Qe3 Bxc3 27. Qxc3 Nxd5 28.
Qe5 Qxe5 29. Rxe5 Nxb4 30. a3 Nd5 31. Nxd5 Bxd5 32. Rxe7 f4 33. Rb1 f3 34. gxf3
Rxf3 35. Rb8+ 1-0

[Event "Meenutades Paul Kerest"]
[Site "Tallinn 1999"]
[Date "1999.01.10"]
[Round "7"]
[White "Veingold, Aleksandr"]
[Black "Gavrikov, Viktor"]
[Result "0-1"]
[WhiteElo "2485"]
[BlackElo "2540"]
[PlyCount "76"]
[EventDate "1999.01.09"] 
1. d4 Nf6 2. c4 e6 3. Nf3 b6 4. g3 Ba6 5. Nbd2 d5 6. Bg2 Be7 7. O-O O-O 8. b3
Bb7 9. Bb2 a5 10. a3 c5 11. cxd5 exd5 12. Qc2 Na6 13. Rac1 h6 14. Rfd1 Qc8 15.
Nh4 Re8 16. Nf5 Qe6 17. Bh3 Qc6 18. Nf3 Bf8 19. dxc5 bxc5 20. Bg2 Qb6 21. Ne3
Nc7 22. Be5 Rad8 23. Qb2 Ne4 24. Nf5 Ne6 25. Nd2 Nxd2 26. Rxd2 d4 27. g4 Bxg2
28. Kxg2 g6 29. Ng3 Qb7+ 30. f3 Qd5 31. Bf6 Nf4+ 32. Kf1 Rd6 33. g5 Rde6 34. b4
axb4 35. axb4 hxg5 36. Bxg5 Rxe2 37. Rxe2 Rxe2 38. Qa3 Re3 0-1

[Event "IX Meenutades Paul Kerest (w) 1999"]
[Site "Tallinn EST"]
[Date "1999.01.09"]
[Round "1"]
[White "Piarnpuu, Leili"]
[Black "Fomina, Tatyana"]
[Result "0-1"]
[WhiteElo "2290"]
[BlackElo "2240"]
[PlyCount "84"]
[EventDate "1999.01.09"] 
1. Nf3 d5 2. d4 Nc6 3. c4 Bg4 4. Nc3 e6 5. Bg5 f6 6. Bh4 Bb4 7. Ne5 Nxe5 8.
dxe5 c6 9. Qb3 Bxc3+ 10. Qxc3 d4 11. Qd2 c5 12. h3 Bf5 13. g4 Be4 14. f3 Bc6
15. Bg2 Qc7 16. exf6 gxf6 17. Kf2 O-O-O 18. a3 Rf8 19. b4 b6 20. Rab1 Ne7 21.
e4 e5 22. Bg3 h5 23. gxh5 Rxh5 24. h4 f5 25. Bh3 Bd7 26. Ke2 fxe4 27. fxe4 Bxh3
28. Rxh3 Qd7 29. Rbh1 Qg4+ 30. Ke1 Rf3 31. bxc5 Qxe4+ 32. Kd1 Rd3 33. cxb6
Rxd2+ 34. Kxd2 Qe3+ 35. Kd1 d3 36. R1h2 axb6 37. Be1 Qe4 38. Bb4 Nc6 39. Kd2
Qxc4 40. Rf2 e4 41. Bc3 Rc5 42. Bg7 Qc1# 0-1

[Event "IX Meenutades Paul Kerest (w) 1999"]
[Site "Tallinn EST"]
[Date "1999.01.09"]
[Round "1"]
[White "Kovalevskaya, Ekaterina"]
[Black "Reizniece, Dana"]
[Result "1-0"]
[WhiteElo "2480"]
[BlackElo "2170"]
[PlyCount "25"]
[EventDate "1999.01.09"] 
1. e4 d6 2. d4 Nf6 3. Nc3 g6 4. Nf3 Bg7 5. Be2 O-O 6. O-O Nbd7 7. e5 dxe5 8.
dxe5 Ng4 9. e6 fxe6 10. Ng5 Nge5 11. Nxe6 Qe8 12. Nxc7 Qd8 13. Nxa8 1-0

[Event "IX Meenutades Paul Kerest (w) 1999"]
[Site "Tallinn EST"]
[Date "1999.01.09"]
[Round "1"]
[White "Stepovaia, Tatiana"]
[Black "Voronova, Tatiana"]
[Result "1-0"]
[WhiteElo "2355"]
[BlackElo "2270"]
[PlyCount "101"]
[EventDate "1999.01.09"] 
1. e4 e6 2. d3 d5 3. Qe2 Ne7 4. g3 c5 5. Bg2 Nbc6 6. Nf3 h6 7. O-O b6 8. Re1
Bb7 9. c3 Qd7 10. Na3 dxe4 11. dxe4 O-O-O 12. Nc4 Ng6 13. h4 b5 14. h5 bxc4 15.
hxg6 Ba6 16. gxf7 Qxf7 17. Qc2 e5 18. Qa4 Qb7 19. Be3 Bb5 20. Qa3 Qb6 21. b4
cxb3 22. axb3 Rd3 23. Qb2 Qb7 24. Bf1 Rd8 25. c4 Ba6 26. Nxe5 Nxe5 27. Qxe5 Bd6
28. Qc3 Qb6 29. e5 Be7 30. Qa5 Bb7 31. Qxb6 axb6 32. Rad1 Bf3 33. Bh3+ Kb7 34.
Bg2 Bxg2 35. Kxg2 Kc6 36. f4 g6 37. Kf3 h5 38. Ke4 Rhf8 39. Rd5 Ra8 40. Red1
Rfd8 41. Rxd8 Rxd8 42. Rxd8 Bxd8 43. f5 gxf5+ 44. Kxf5 h4 45. gxh4 Bxh4 46. Bg5
Bg3 47. e6 Bd6 48. Kg6 b5 49. Kf7 bxc4 50. bxc4 Kb6 51. Bf4 1-0

[Event "IX Meenutades Paul Kerest (w) 1999"]
[Site "Tallinn EST"]
[Date "1999.01.09"]
[Round "2"]
[White "Fomina, Tatyana"]
[Black "Voronova, Tatiana"]
[Result "1-0"]
[WhiteElo "2240"]
[BlackElo "2270"]
[PlyCount "49"]
[EventDate "1999.01.09"] 
1. d4 e6 2. Nc3 d5 3. Nf3 c5 4. Bg5 Qb6 5. Qd2 cxd4 6. Nxd4 Nc6 7. Nb3 Be7 8.
Bxe7 Ngxe7 9. e3 O-O 10. f4 Nf5 11. Nd1 Nb4 12. c3 Nxa2 13. Nd4 Nxd4 14. exd4
Qb3 15. Bd3 Nxc3 16. bxc3 Qb6 17. O-O Bd7 18. Rf3 g6 19. Nf2 h5 20. Rg3 Kg7 21.
Qe2 Rh8 22. Qe5+ Kh6 23. Qf6 Rag8 24. Rh3 e5 25. Rxh5+ 1-0